[Event "V Open Escacs Xàtiva"]
[Site "Xàtiva, Spain"]
[Date "2019.07.15"]
[Round "1.7"]
[White "Domenech Briz, Jose"]
[Black "Hernandez Lopez, Alberto"]
[Result "1-0"]
[WhiteElo "1565"]
[BlackElo "2038"]
[PlyCount "127"]
[EventDate "2019.??.??"]

1. e4 {[%clk 01:30:58]  [%emt 00:00:03]} 1... c5 {[%clk 01:30:55]} 2. Nf3 {
[%clk 01:30:41]  [%emt 00:01:06]} 2... d6 {[%clk 01:31:23]} 3. d4 {
[%clk 01:30:48]  [%emt 00:00:23]} 3... cxd4 {[%clk 01:31:47]  [%emt 00:00:04]}
4. Nxd4 {[%clk 01:30:47]  [%emt 00:00:16]} 4... Nf6 {
[%clk 01:32:08]  [%emt 00:01:09]} 5. Nc3 {[%clk 01:31:00]} 5... a6 {
[%clk 01:32:35]} 6. f3 {[%clk 01:31:04]  [%emt 00:00:04]} 6... e5 {
[%clk 01:32:59]} 7. Nb3 {[%clk 01:30:58]  [%emt 00:01:16]} 7... Be6 {
[%clk 01:33:25]} 8. Be3 {[%clk 01:30:34]  [%emt 00:01:40]} 8... Be7 {
[%clk 01:33:43]  [%emt 00:02:04]} 9. Qd2 {[%clk 01:30:41]} 9... Nbd7 {
[%clk 01:34:07]} 10. g4 {[%clk 01:29:50]  [%emt 00:05:13]} 10... b5 {
[%clk 01:34:29]} 11. a3 {[%clk 01:29:42]} 11... Nb6 {[%clk 01:33:17]} 12. Na5 {
[%clk 01:18:54]  [%emt 00:07:30]} 12... Rc8 {[%clk 01:33:03]  [%emt 00:01:30]}
13. O-O-O {[%clk 01:18:29]  [%emt 00:00:11]} 13... O-O {
[%clk 01:31:22]  [%emt 00:01:55]} 14. h4 {[%clk 01:16:36]  [%emt 00:02:28]}
14... Nc4 {[%clk 01:27:12]  [%emt 00:04:33]} 15. Nxc4 {
[%clk 01:16:32]  [%emt 00:00:53]} 15... bxc4 {[%clk 01:27:10]  [%emt 00:00:30]}
16. h5 {[%clk 01:16:01]  [%emt 00:00:24]} 16... Qa5 {
[%clk 01:23:04]  [%emt 00:04:47]} 17. g5 {[%clk 01:15:01]  [%emt 00:01:52]}
17... Nd7 {[%clk 01:21:41]  [%emt 00:01:26]} 18. Nd5 {
[%clk 01:06:32]  [%emt 00:09:26]} 18... Qxd2+ {[%clk 01:11:35]  [%emt 00:11:01]
} 19. Rxd2 {[%clk 01:06:47]} 19... Bxd5 {[%clk 01:08:26]  [%emt 00:03:31]} 20.
Rxd5 {[%clk 01:07:08]} 20... Rc6 {[%clk 01:06:04]  [%emt 00:02:33]} 21. g6 {
[%clk 01:02:21]  [%emt 00:05:48]} 21... Nf6 {[%clk 01:00:10]  [%emt 00:05:41]}
22. gxf7+ {[%clk 00:55:15]  [%emt 00:07:48]} 22... Kxf7 {
[%clk 01:00:18]  [%emt 00:00:41]} 23. Ra5 {[%clk 00:52:38]  [%emt 00:03:02]}
23... Rfc8 {[%clk 00:59:11]  [%emt 00:01:15]} 24. Bd2 {
[%clk 00:50:22]  [%emt 00:02:47]} 24... Bd8 {[%clk 00:53:18]  [%emt 00:06:53]}
25. Ra4 {[%clk 00:50:27]  [%emt 00:00:05]} 25... d5 {
[%clk 00:48:39]  [%emt 00:04:55]} 26. Bh3 {[%clk 00:46:51]  [%emt 00:04:35]}
26... Rb8 {[%clk 00:46:17]  [%emt 00:02:30]} 27. exd5 {
[%clk 00:41:44]  [%emt 00:05:31]} 27... Nxd5 {[%clk 00:46:27]  [%emt 00:00:19]}
28. Re1 {[%clk 00:37:25]  [%emt 00:04:51]} 28... c3 {
[%clk 00:44:57]  [%emt 00:01:57]} 29. bxc3 {[%clk 00:29:51]  [%emt 00:08:55]}
29... Nxc3 {[%clk 00:42:51]  [%emt 00:01:48]} 30. Bxc3 {
[%clk 00:30:08]  [%emt 00:00:37]} 30... Rxc3 {[%clk 00:43:19]} 31. Rxe5 {
[%clk 00:24:21]  [%emt 00:06:55]} 31... Bf6 {[%clk 00:40:55]  [%emt 00:02:19]}
32. Rf5 {[%clk 00:16:26]  [%emt 00:08:32]} 32... g6 {
[%clk 00:38:56]  [%emt 00:01:55]} 33. hxg6+ {[%clk 00:16:41]  [%emt 00:00:22]}
33... hxg6 {[%clk 00:39:25]} 34. Rff4 {[%clk 00:16:57]  [%emt 00:00:37]} 34...
Kg7 {[%clk 00:38:37]  [%emt 00:01:23]} 35. Rfb4 {
[%clk 00:09:15]  [%emt 00:09:05]} 35... Re8 {[%clk 00:35:26]  [%emt 00:04:32]}
36. Rb3 {[%clk 00:08:38]} 36... Rc7 {[%clk 00:25:14]  [%emt 00:10:08]} 37. Rxa6
{[%clk 00:08:15]  [%emt 00:01:29]} 37... Bc3 {[%clk 00:23:19]  [%emt 00:01:13]}
38. Re6 {[%clk 00:07:47]  [%emt 00:02:26]} 38... Rh8 {[%clk 00:23:17]} 39. Re3
{[%clk 00:07:19]  [%emt 00:00:30]} 39... Bd4 {[%clk 00:22:34]  [%emt 00:01:34]}
40. Red3 {[%clk 00:07:17]} 40... Rxh3 {[%clk 00:19:04]  [%emt 00:03:44]} 41.
Rxd4 {[%clk 00:07:32]  [%emt 00:00:17]} 41... Rh1+ {
[%clk 00:18:50]  [%emt 00:00:47]} 42. Kb2 {[%clk 00:07:46]  [%emt 00:00:16]}
42... Rh2 {[%clk 00:19:09]  [%emt 00:00:19]} 43. Rc3 {
[%clk 00:08:08]  [%emt 00:00:08]} 43... Rb7+ {[%clk 00:19:28]  [%emt 00:00:16]}
44. Rb4 {[%clk 00:08:35]} 44... Rf7 {[%clk 00:19:40]  [%emt 00:00:16]} 45. a4 {
[%clk 00:08:23]  [%emt 00:02:01]} 45... Rf2 {[%clk 00:20:00]  [%emt 00:00:06]}
46. a5 {[%clk 00:07:38]  [%emt 00:00:08]} 46... Ra7 {
[%clk 00:19:00]  [%emt 00:01:08]} 47. Ra3 {[%clk 00:07:47]  [%emt 00:00:40]}
47... Rc7 {[%clk 00:19:03]  [%emt 00:00:12]} 48. Rc3 {
[%clk 00:07:28]  [%emt 00:00:48]} 48... Ra7 {[%clk 00:17:37]  [%emt 00:02:08]}
49. Rb5 {[%clk 00:07:28]  [%emt 00:00:38]} 49... Kh6 {
[%clk 00:17:00]  [%emt 00:00:47]} 50. Kb3 {[%clk 00:07:25]  [%emt 00:01:12]}
50... Rf1 {[%clk 00:17:06]  [%emt 00:00:27]} 51. Kb4 {
[%clk 00:07:09]  [%emt 00:00:33]} 51... Rb1+ {[%clk 00:17:13]  [%emt 00:00:34]}
52. Kc5 {[%clk 00:07:06]  [%emt 00:00:11]} 52... Rc7+ {
[%clk 00:17:09]  [%emt 00:00:24]} 53. Kd6 {[%clk 00:05:55]  [%emt 00:01:33]}
53... Rxb5 {[%clk 00:16:10]  [%emt 00:01:41]} 54. Rxc7 {
[%clk 00:06:15]  [%emt 00:00:49]} 54... Rxa5 {[%clk 00:16:31]  [%emt 00:00:03]}
55. c4 {[%clk 00:06:35]} 55... Rf5 {[%clk 00:16:31]  [%emt 00:00:07]} 56. c5 {
[%clk 00:04:55]  [%emt 00:01:55]} 56... Rxf3 {[%clk 00:16:59]} 57. Re7 {
[%clk 00:04:45]  [%emt 00:00:43]} 57... g5 {[%clk 00:16:32]  [%emt 00:02:46]}
58. Re6+ {[%clk 00:04:44]} 58... Kg7 {[%clk 00:16:18]  [%emt 00:00:11]} 59. c6
{[%clk 00:04:47]  [%emt 00:00:28]} 59... Rd3+ {[%clk 00:15:06]  [%emt 00:00:56]
} 60. Ke7 {[%clk 00:04:58]  [%emt 00:01:01]} 60... Rc3 {[%clk 00:15:19]} 61.
Kd7 {[%clk 00:05:22]} 61... Kf7 {[%clk 00:12:23]  [%emt 00:03:45]} 62. Rd6 {
[%clk 00:05:28]  [%emt 00:00:11]} 62... g4 {[%clk 00:11:12]  [%emt 00:01:20]}
63. c7 {[%clk 00:05:10]  [%emt 00:00:46]} 63... g3 {
[%clk 00:11:12]  [%emt 00:00:28]} 64. c8=Q {[%emt 00:02:27]} 1-0

[Event "V Open Escacs Xàtiva"]
[Site "Xàtiva, Spain"]
[Date "2019.07.15"]
[Round "1.8"]
[White "Deruelle Sala, Albert"]
[Black "Garcia Martin, Javier Antonio"]
[Result "1-0"]
[WhiteElo "2076"]
[BlackElo "1606"]
[PlyCount "63"]
[EventDate "2019.??.??"]

1. d4 f5 2. e4 fxe4 3. Nc3 Nf6 4. Bg5 g6 5. Bxf6 exf6 6. Nxe4 d5 7. Ng3 Nc6 8.
Bd3 Be6 9. N1e2 Bd6 10. c3 Qd7 11. Qc2 O-O-O 12. O-O-O Kb8 13. h4 Ne7 14. h5 f5
15. f4 Bf7 16. Nf1 Nc8 17. Nd2 Nb6 18. Nf3 Nc4 19. Bxc4 dxc4 20. hxg6 hxg6 21.
Ne5 Qe7 22. Rxh8 Rxh8 23. Ng1 Bxe5 24. dxe5 Rd8 25. Nf3 Bd5 26. Ng5 b5 27. Qf2
a5 28. Rh1 Rg8 29. Qd4 c6 30. e6 Qa7 31. Rh8 Qg7 32. Qxg7 1-0

[Event "V Open Escacs Xàtiva"]
[Site "Xàtiva, Spain"]
[Date "2019.07.16"]
[Round "2.1"]
[White "Reig Albero, Ferran"]
[Black "Cruz Lledo, Pablo"]
[Result "0-1"]
[WhiteElo "1946"]
[BlackElo "2442"]
[PlyCount "86"]
[EventDate "2019.??.??"]

1. e4 {[%clk 01:30:59]  [%emt 00:00:33]} 1... c6 {
[%clk 01:16:31]  [%emt 00:15:02]} 2. Nf3 {[%clk 01:29:15]  [%emt 00:02:11]}
2... d5 {[%clk 01:16:52]  [%emt 00:00:14]} 3. Nc3 {
[%clk 01:29:00]  [%emt 00:00:41]} 3... dxe4 {[%clk 01:17:18]  [%emt 00:00:27]}
4. Nxe4 {[%clk 01:29:15]  [%emt 00:00:08]} 4... Nf6 {[%clk 01:17:44]} 5. Nxf6+
{[%clk 01:29:20]  [%emt 00:00:12]} 5... gxf6 {[%clk 01:18:06]  [%emt 00:00:38]}
6. d4 {[%clk 01:28:27]  [%emt 00:00:53]} 6... Bg4 {
[%clk 01:18:31]  [%emt 00:00:10]} 7. Be2 {[%clk 01:27:51]  [%emt 00:01:01]}
7... e6 {[%clk 01:18:56]  [%emt 00:00:31]} 8. Bf4 {
[%clk 01:20:58]  [%emt 00:06:57]} 8... Bd6 {[%clk 01:18:18]  [%emt 00:01:08]}
9. Qd2 {[%clk 01:18:45]  [%emt 00:02:46]} 9... Qc7 {
[%clk 01:17:34]  [%emt 00:01:13]} 10. Bxd6 {[%clk 01:15:51]  [%emt 00:03:23]}
10... Qxd6 {[%clk 01:17:58]  [%emt 00:00:07]} 11. O-O-O {
[%clk 01:13:04]  [%emt 00:04:13]} 11... Nd7 {[%clk 01:18:17]} 12. Kb1 {
[%clk 01:10:22]  [%emt 00:02:25]} 12... O-O-O {[%clk 01:18:20]  [%emt 00:00:35]
} 13. c4 {[%clk 01:09:13]  [%emt 00:01:40]} 13... Kb8 {
[%clk 01:14:34]  [%emt 00:04:09]} 14. h3 {[%clk 01:00:12]  [%emt 00:09:54]}
14... Bh5 {[%clk 01:14:59]} 15. Rhe1 {[%clk 00:56:50]  [%emt 00:03:43]} 15...
Rhg8 {[%clk 01:15:03]  [%emt 00:00:19]} 16. g4 {
[%clk 00:56:43]  [%emt 00:00:33]} 16... Bg6+ {[%clk 01:15:18]  [%emt 00:00:33]}
17. Bd3 {[%clk 00:55:09]  [%emt 00:01:47]} 17... c5 {
[%clk 01:13:54]  [%emt 00:01:55]} 18. d5 {[%clk 00:47:26]  [%emt 00:08:15]}
18... exd5 {[%clk 01:06:16]  [%emt 00:08:02]} 19. Bxg6 {
[%clk 00:44:14]  [%emt 00:03:41]} 19... hxg6 {[%clk 01:05:53]  [%emt 00:00:57]}
20. Qxd5 {[%clk 00:43:46]  [%emt 00:00:55]} 20... Qxd5 {
[%clk 01:06:08]  [%emt 00:00:41]} 21. Rxd5 {[%clk 00:43:28]  [%emt 00:00:26]}
21... Nb6 {[%clk 01:06:29]  [%emt 00:00:05]} 22. Rxd8+ {
[%clk 00:41:09]  [%emt 00:02:52]} 22... Rxd8 {[%clk 01:06:57]  [%emt 00:00:05]}
23. b3 {[%clk 00:40:42]  [%emt 00:00:51]} 23... Rd3 {
[%clk 01:05:58]  [%emt 00:01:29]} 24. Ng1 {[%clk 00:37:30]  [%emt 00:03:41]}
24... Rd2 {[%clk 01:06:01]  [%emt 00:00:32]} 25. Ne2 {
[%clk 00:35:40]  [%emt 00:02:56]} 25... Nc8 {[%clk 01:02:58]  [%emt 00:03:15]}
26. Nc3 {[%clk 00:30:52]  [%emt 00:04:55]} 26... Rxf2 {
[%clk 01:03:21]  [%emt 00:00:29]} 27. Ne4 {[%clk 00:28:41]  [%emt 00:02:19]}
27... Rh2 {[%clk 01:01:28]  [%emt 00:02:25]} 28. Re3 {
[%clk 00:28:37]  [%emt 00:01:00]} 28... Kc7 {[%clk 00:53:59]  [%emt 00:07:34]}
29. Rf3 {[%clk 00:26:23]  [%emt 00:02:48]} 29... Nd6 {
[%clk 00:53:23]  [%emt 00:01:13]} 30. Nxd6 {[%clk 00:12:37]  [%emt 00:14:18]}
30... Kxd6 {[%clk 00:53:47]  [%emt 00:00:05]} 31. Rxf6+ {[%clk 00:12:59]} 31...
Ke7 {[%clk 00:54:14]} 32. Rf3 {[%clk 00:13:05]  [%emt 00:00:25]} 32... f6 {
[%clk 00:54:33]  [%emt 00:00:21]} 33. a3 {[%clk 00:10:39]  [%emt 00:02:41]}
33... Ke6 {[%clk 00:53:26]  [%emt 00:01:48]} 34. Re3+ {
[%clk 00:10:15]  [%emt 00:00:42]} 34... Kd6 {[%clk 00:53:50]  [%emt 00:00:26]}
35. b4 {[%clk 00:07:57]  [%emt 00:02:27]} 35... b6 {
[%clk 00:54:05]  [%emt 00:00:17]} 36. Rd3+ {[%clk 00:03:21]  [%emt 00:05:11]}
36... Ke5 {[%clk 00:54:25]  [%emt 00:00:20]} 37. bxc5 {[%clk 00:03:45]} 37...
bxc5 {[%clk 00:54:48]  [%emt 00:00:09]} 38. Rd5+ {[%clk 00:04:07]} 38... Kf4 {
[%clk 00:55:11]  [%emt 00:00:13]} 39. Rxc5 {[%clk 00:03:53]  [%emt 00:00:35]}
39... Rxh3 {[%clk 00:55:35]  [%emt 00:00:12]} 40. Rc6 {
[%clk 00:03:30]  [%emt 00:00:46]} 40... Kg5 {[%clk 00:54:34]  [%emt 00:01:39]}
41. Kb2 {[%clk 00:00:41]  [%emt 00:03:11]} 41... Rg3 {
[%clk 00:54:44]  [%emt 00:00:44]} 42. c5 {[%clk 00:00:46]  [%emt 00:00:09]}
42... Rxg4 {[%clk 00:55:05]  [%emt 00:00:04]} 43. Kb3 {
[%clk 00:00:42]  [%emt 00:00:31]} 43... Rh4 {
[%clk 00:53:02]  [%emt 00:02:38]  Bandera} 0-1

[Event "V Open Escacs Xàtiva"]
[Site "Xàtiva, Spain"]
[Date "2019.07.16"]
[Round "2.2"]
[White "Chernikov, Vladimir"]
[Black "Soriano Pallas, Rafael"]
[Result "1-0"]
[WhiteElo "2301"]
[BlackElo "1839"]
[PlyCount "93"]
[EventDate "2019.??.??"]

1. c4 {[%clk 01:30:58]  [%emt 00:00:27]} 1... Nf6 {
[%clk 01:30:22]  [%emt 00:00:17]} 2. Nc3 {[%clk 01:31:21]  [%emt 00:00:12]}
2... b6 {[%clk 01:29:32]  [%emt 00:01:15]} 3. e4 {
[%clk 01:31:30]  [%emt 00:00:19]} 3... Bb7 {[%clk 01:26:10]  [%emt 00:03:51]}
4. e5 {[%clk 01:29:25]  [%emt 00:03:06]} 4... Ne4 {
[%clk 01:26:01]  [%emt 00:00:09]} 5. Nxe4 {[%clk 01:28:57]  [%emt 00:01:00]}
5... Bxe4 {[%clk 01:26:25]  [%emt 00:00:12]} 6. d4 {
[%clk 01:29:09]  [%emt 00:00:12]} 6... e6 {[%clk 01:24:27]  [%emt 00:02:29]} 7.
Ne2 {[%clk 01:26:17]  [%emt 00:03:19]} 7... Be7 {
[%clk 01:20:26]  [%emt 00:04:30]} 8. Nc3 {[%clk 01:25:48]  [%emt 00:01:02]}
8... Bg6 {[%clk 01:18:16]  [%emt 00:02:39]} 9. Be3 {
[%clk 01:24:20]  [%emt 00:02:25]} 9... O-O {[%clk 01:14:29]  [%emt 00:03:47]}
10. Bd3 {[%clk 01:22:31]  [%emt 00:02:21]} 10... Bxd3 {
[%clk 01:08:34]  [%emt 00:06:30]} 11. Qxd3 {[%clk 01:22:48]  [%emt 00:00:28]}
11... f5 {[%clk 01:07:03]  [%emt 00:01:43]} 12. f4 {
[%clk 01:19:31]  [%emt 00:03:45]} 12... Na6 {[%clk 01:00:08]  [%emt 00:07:40]}
13. a3 {[%clk 01:19:07]  [%emt 00:00:58]} 13... Qc8 {
[%clk 00:56:44]  [%emt 00:03:35]} 14. b4 {[%clk 01:19:17]  [%emt 00:00:23]}
14... c6 {[%clk 00:54:43]  [%emt 00:02:31]} 15. Rc1 {
[%clk 01:18:43]  [%emt 00:01:27]} 15... Qb7 {[%clk 00:54:56]  [%emt 00:00:11]}
16. d5 {[%clk 01:18:55]  [%emt 00:00:07]} 16... cxd5 {
[%clk 00:51:35]  [%emt 00:03:40]} 17. cxd5 {[%clk 01:19:15]  [%emt 00:00:13]}
17... Rac8 {[%clk 00:42:50]  [%emt 00:09:48]} 18. O-O {
[%clk 01:19:07]  [%emt 00:00:09]} 18... Rfd8 {[%clk 00:39:01]  [%emt 00:04:17]}
19. d6 {[%clk 01:19:07]  [%emt 00:00:30]} 19... Bf8 {
[%clk 00:39:13]  [%emt 00:00:18]} 20. Nb5 {[%clk 01:19:03]  [%emt 00:00:29]}
20... g6 {[%clk 00:34:02]  [%emt 00:06:29]} 21. Bf2 {
[%clk 01:17:38]  [%emt 00:01:30]} 21... Bg7 {[%clk 00:31:41]  [%emt 00:02:30]}
22. Bh4 {[%clk 01:18:02]  [%emt 00:00:35]} 22... Re8 {
[%clk 00:30:31]  [%emt 00:01:13]} 23. h3 {[%emt 00:02:38]} 23... Kh8 {
[%emt 00:01:20]} 24. Kh2 {[%clk 01:16:40]} 24... h6 {[%emt 00:02:59]} 25. Bf2 {
[%clk 01:08:03]  [%emt 00:06:49]} 25... Rg8 {[%clk 00:26:33]  [%emt 00:03:12]}
26. Qf3 {[%clk 01:05:14]  [%emt 00:03:15]} 26... Qb8 {
[%clk 00:18:31]  [%emt 00:08:36]} 27. Bd4 {[%clk 01:05:02]  [%emt 00:00:39]}
27... Kh7 {[%clk 00:17:49]  [%emt 00:01:39]} 28. Kh1 {
[%clk 01:04:43]  [%emt 00:00:20]} 28... h5 {[%clk 00:16:41]  [%emt 00:02:36]}
29. Rfd1 {[%clk 01:03:03]  [%emt 00:01:11]} 29... Bh6 {
[%clk 00:16:04]  [%emt 00:01:23]} 30. Be3 {[%clk 01:01:54]  [%emt 00:01:26]}
30... Kh8 {[%clk 00:14:07]  [%emt 00:02:23]} 31. Bd2 {
[%clk 00:58:51]  [%emt 00:03:51]} 31... Kh7 {[%clk 00:13:52]  [%emt 00:00:29]}
32. h4 {[%clk 00:59:08]  [%emt 00:00:11]} 32... Kh8 {
[%clk 00:14:04]  [%emt 00:00:40]} 33. Qb3 {[%clk 00:58:52]  [%emt 00:00:27]}
33... Qb7 {[%clk 00:13:15]  [%emt 00:01:18]} 34. Qf3 {
[%clk 00:57:07]  [%emt 00:02:30]} 34... Qb8 {[%clk 00:13:01]  [%emt 00:00:28]}
35. Rxc8 {[%clk 00:57:26]  [%emt 00:00:19]} 35... Rxc8 {
[%clk 00:13:15]  [%emt 00:00:24]} 36. Rc1 {[%clk 00:57:42]  [%emt 00:00:03]}
36... Rxc1+ {[%clk 00:12:40]  [%emt 00:01:30]} 37. Bxc1 {[%clk 00:58:07]} 37...
Kg8 {[%clk 00:10:51]  [%emt 00:01:57]} 38. Kh2 {
[%clk 00:57:35]  [%emt 00:00:58]} 38... Kf7 {[%clk 00:10:29]  [%emt 00:00:55]}
39. Qc3 {[%clk 00:56:52]  [%emt 00:01:10]} 39... Qb7 {
[%clk 00:09:36]  [%emt 00:01:43]} 40. Qc4 {[%clk 00:57:02]  [%emt 00:00:04]}
40... Bf8 {[%clk 00:01:27]  [%emt 00:08:36]} 41. Nc7 {
[%clk 00:56:14]  [%emt 00:01:41]} 41... Nxc7 {[%clk 00:01:14]  [%emt 00:00:21]}
42. Qxc7 {[%clk 00:53:59]  [%emt 00:02:48]} 42... Qc6 {
[%clk 00:01:27]  [%emt 00:00:14]} 43. Be3 {[%clk 00:53:59]  [%emt 00:00:34]}
43... b5 {[%clk 00:00:33]  [%emt 00:01:24]} 44. Qxa7 {
[%clk 00:53:55]  [%emt 00:00:44]} 44... Ke8 {[%clk 00:00:31]  [%emt 00:00:18]}
45. Qc7 {[%clk 00:53:18]  [%emt 00:01:14]} 45... Kf7 {
[%clk 00:00:32]  [%emt 00:00:33]} 46. Qxc6 {[%clk 00:52:54]  [%emt 00:00:43]}
46... dxc6 {[%clk 00:00:57]  [%emt 00:00:14]} 47. d7 {
[%clk 00:53:10]  [%emt 00:00:12]} 1-0

[Event "V Open Escacs Xàtiva"]
[Site "Xàtiva, Spain"]
[Date "2019.07.16"]
[Round "2.3"]
[White "Camison Zornoza, Cesar"]
[Black "Iagar, Razvan-Gabriel"]
[Result "0-1"]
[WhiteElo "1872"]
[BlackElo "2138"]
[PlyCount "100"]
[EventDate "2019.??.??"]

1. e4 {[%clk 01:30:58]  [%emt 00:00:14]} 1... e6 {
[%clk 01:30:55]  [%emt 00:00:11]} 2. Nf3 {[%clk 01:31:15]} 2... d5 {
[%clk 01:31:19]} 3. e5 {[%clk 01:31:38]  [%emt 00:00:13]} 3... c5 {
[%clk 01:31:33]  [%emt 00:00:15]} 4. b4 {[%clk 01:32:00]  [%emt 00:00:10]} 4...
b6 {[%clk 01:30:32]  [%emt 00:01:27]} 5. b5 {[%clk 01:29:46]  [%emt 00:02:42]}
5... a6 {[%clk 01:30:16]  [%emt 00:00:46]} 6. d4 {
[%clk 01:25:52]  [%emt 00:04:32]} 6... Qc7 {[%clk 01:29:01]  [%emt 00:01:41]}
7. c3 {[%clk 01:19:12]  [%emt 00:07:06]} 7... axb5 {
[%clk 01:27:17]  [%emt 00:02:15]} 8. Bxb5+ {[%clk 01:19:29]  [%emt 00:00:19]}
8... Bd7 {[%clk 01:27:46]} 9. Bxd7+ {[%clk 01:18:10]  [%emt 00:01:44]} 9...
Qxd7 {[%clk 01:27:11]  [%emt 00:01:20]} 10. O-O {
[%clk 01:17:27]  [%emt 00:01:20]} 10... Ne7 {[%emt 00:07:51]} 11. Qb3 {
[%clk 01:16:16]  [%emt 00:00:03]} 11... Qc7 {[%clk 01:19:13]  [%emt 00:02:25]}
12. Na3 {[%clk 01:13:34]  [%emt 00:03:11]} 12... Nec6 {[%emt 00:01:13]} 13. Nb5
{[%clk 01:13:25]  [%emt 00:00:24]} 13... Qd7 {[%clk 01:18:29]  [%emt 00:00:44]}
14. Bg5 {[%clk 01:02:15]  [%emt 00:11:40]} 14... h6 {
[%clk 01:17:36]  [%emt 00:01:25]} 15. Be3 {[%clk 01:00:45]  [%emt 00:01:58]}
15... Na5 {[%clk 01:17:43]  [%emt 00:00:29]} 16. Qb1 {
[%clk 01:00:12]  [%emt 00:00:59]} 16... Nc4 {[%clk 01:16:30]  [%emt 00:01:42]}
17. a4 {[%clk 00:59:36]  [%emt 00:01:09]} 17... Nc6 {
[%clk 01:15:59]  [%emt 00:01:00]} 18. Nd2 {[%clk 00:57:25]  [%emt 00:03:14]}
18... N6a5 {[%clk 01:14:01]  [%emt 00:01:52]} 19. Nxc4 Nxc4 20. Qb3 {
[%clk 00:52:32]} 20... Be7 {[%clk 01:12:57]  [%emt 00:00:22]} 21. Rfd1 {
[%clk 00:51:22]  [%emt 00:01:35]} 21... Qc6 {[%clk 01:12:07]  [%emt 00:01:14]}
22. Rf1 {[%clk 00:47:36]  [%emt 00:04:34]} 22... O-O {
[%clk 01:11:24]  [%emt 00:00:55]} 23. Qd1 {[%clk 00:43:59]  [%emt 00:04:07]}
23... Rfc8 {[%clk 01:05:09]  [%emt 00:06:45]} 24. Qg4 {
[%clk 00:42:33]  [%emt 00:02:02]} 24... Kh7 {[%clk 01:04:40]  [%emt 00:00:52]}
25. Qh5 {[%clk 00:42:16]  [%emt 00:00:48]} 25... Qe8 {
[%clk 01:04:05]  [%emt 00:01:05]} 26. Qe2 {[%clk 00:38:17]  [%emt 00:04:29]}
26... Ra5 {[%clk 00:57:37]  [%emt 00:06:59]} 27. f4 {
[%clk 00:37:53]  [%emt 00:00:53]} 27... f5 {[%clk 00:57:40]  [%emt 00:00:25]}
28. exf6 {[%clk 00:38:06]  [%emt 00:00:40]} 28... Bxf6 {
[%clk 00:57:54]  [%emt 00:00:06]} 29. Kh1 {[%clk 00:31:32]  [%emt 00:07:01]}
29... Qg6 {[%clk 00:54:56]  [%emt 00:03:19]} 30. Qf2 {
[%clk 00:26:37]  [%emt 00:05:41]} 30... Qd3 {[%clk 00:52:16]  [%emt 00:03:00]}
31. Rfe1 {[%clk 00:23:48]  [%emt 00:03:13]} 31... Be7 {
[%clk 00:50:38]  [%emt 00:02:07]} 32. Rad1 {[%clk 00:21:45]  [%emt 00:02:33]}
32... Qf5 {[%clk 00:50:30]  [%emt 00:00:37]} 33. dxc5 {
[%clk 00:20:42]  [%emt 00:02:07]} 33... bxc5 {[%emt 00:00:08]} 34. h3 {
[%clk 00:18:40]  [%emt 00:02:31]} 34... h5 {[%clk 00:45:47]  [%emt 00:05:03]}
35. Qf3 {[%clk 00:16:09]  [%emt 00:03:35]} 35... h4 {
[%clk 00:40:04]  [%emt 00:05:38]} 36. Bd4 {[%clk 00:14:17]  [%emt 00:02:21]}
36... Rxa4 {[%clk 00:36:40]  [%emt 00:04:05]} 37. Be5 {
[%clk 00:12:18]  [%emt 00:02:19]} 37... Bf6 {[%emt 00:07:42]} 38. Nd6 Nxd6 39.
Bxd6 Ra3 40. Ra1 Rxc3 41. Qg4 Rg3 42. Qxf5+ exf5 43. Ra7 c4 44. Be5 Rg6 45. Rd7
Bxe5 46. fxe5 c3 47. Rxd5 c2 48. Rc1 Rb6 49. Ra5 Rb1 50. Ra1 Rxa1 {
[%clk 00:30:01]} 0-1